000 00700cam a22002292 4500
001 0000025248
005 20151217145955.0
008 150330s xx 000 0 eng d
020 _a9350286807 :
040 _aKABU
_cKABU
100 1 _aShastri, Satish C.
_@0000185745
245 1 0 _aEnvironmental law /
_cby Satish C. Shastri.
250 _a4th ed.
260 _aLucknow :
_bEastern Book Company,
_c2012.
300 _axlvii, 552 p.
650 0 _aEnvironmental law
_zIndia.
_@0000185746
650 0 _aEnvironmental protection
_zIndia.
_@0000185747
700 1 _aDave, V.s.
_@0000185748
852 1 _9p3600 KES
908 _a150330
950 _@1
999 _c4656
_d4656